Countries with Extra Women - Statistics

General Stats
  • This quiz has been taken 18,723 times
    10,508 since last reset
  • The average score is 11 of 20
Answer Stats
Extra Women Country % Correct
5.10 mil United States
93%
11.0 mil Russia
91%
3.89 mil Japan
83%
3.29 mil Brazil
81%
1.38 mil France
81%
1.72 mil Germany
81%
2.69 mil Mexico
79%
2.19 mil Italy
76%
3.25 mil Ukraine
70%
1.17 mil Poland
65%
615 k South Africa
54%
656 k Belarus
46%
693 k Peru
44%
1.43 mil Thailand
43%
907 k Kazakhstan
33%
2.56 mil Bangladesh
32%
554 k Sri Lanka
14%
898 k Angola
13%
1.51 mil Uganda
13%
551 k Mali
10%
No matching quizzes found
Score Distribution
Percent of People with Each Score
Percentile by Number Answered
Your Score History
You have not taken this quiz since the last reset